000 00556nam a2200217Ia 4500
008 101110s9999 xx 000 0 und d
041 _aENGLISH
082 _bSR25644
100 _aKamat Minouti and Krishnamoorthy R.
245 _aA text book on rural marketing
260 _c2003
_bHimalaya publication
300 _a188
365 _b90
520 _aEconomics
546 _aENGLISH
630 _aA text book on rural marketing
650 _aEconomics
655 _aEconomics
730 _aA text book on rural marketing
942 _cBOOK
999 _c818254
_d818251